Либерализм и внешняя политика США

Dettagli Bibliografici
Altri autori: Жэнь Сяо (редактор), Шэнь Динли
Riassunto:Книга на китайском языке.
Lingua:cinese
Pubblicazione: Шанхай, Библиотека, 2005
Soggetti:
Natura: MixedMaterials Libro
KOHA link:https://koha.lib.tpu.ru/cgi-bin/koha/opac-detail.pl?biblionumber=117766

MARC

LEADER 00000nam0a2200000 4500
001 117766
005 20231031123922.0
010 |a 7542621394 
035 |a (RuTPU)RU\TPU\book\127472 
090 |a 117766 
100 |a 20070606d2005 km y0rusy50 ea 
101 0 |a chi 
102 |a CN 
105 |a y z 000zy 
200 1 |a Либерализм и внешняя политика США  |f под ред. Жэнь Сяо; Шэнь Динли 
210 |a Шанхай  |c Библиотека  |d 2005 
215 |a 329 с. 
300 |a Книга на китайском языке. 
610 1 |a политика 
610 1 |a внешняя политика 
610 1 |a США 
610 1 |a международные отношения 
610 1 |a Китай 
610 1 |a либерализм 
610 1 |a 20 век 
610 1 |a история 
686 |a Ф4(7США)  |v LBC/SL-A  |2 rubbk 
702 0 |a Жэнь Сяо  |4 340 
702 0 |a Шэнь Динли  |4 340 
801 1 |a RU  |b 63413507  |c 20070606  |g PSBO 
801 2 |a RU  |b 63413507  |c 20220530  |g PSBO 
942 |c BK